| 000 -LEADER |
| fixed length control field |
01025nam a22001937a 4500 |
| 005 - DATE AND TIME OF LATEST TRANSACTION |
| control field |
20231220111029.0 |
| 008 - FIXED-LENGTH DATA ELEMENTS--GENERAL INFORMATION |
| fixed length control field |
231220s1992 ru ||||| |||| 00| 0 rus d |
| 020 ## - INTERNATIONAL STANDARD BOOK NUMBER |
| International Standard Book Number |
5520010285 |
| 041 ## - LANGUAGE CODE |
| Language code of text/sound track or separate title |
rus |
| 080 ## - UNIVERSAL DECIMAL CLASSIFICATION NUMBER |
| Universal Decimal Classification number |
393(479.2) H-72 |
| 100 ## - MAIN ENTRY--PERSONAL NAME |
| Personal name |
Нонешвили, A. И. |
| 9 (RLIN) |
20799 |
| 245 ## - TITLE STATEMENT |
| Title |
Погребальные обряды народов Закавказья : |
| Remainder of title |
(Кувшинные погребения VIII в. до н.э. - VIII в. н.э.) / |
| Statement of responsibility, etc. |
А.И. Нонешвили ; АН Грузии, Археол. комиссия Грузии, Центр археол. исследований. |
| 264 ## - PRODUCTION, PUBLICATION, DISTRIBUTION, MANUFACTURE, AND COPYRIGHT NOTICE |
| Place of production, publication, distribution, manufacture |
Тбилиси : |
| Name of producer, publisher, distributor, manufacturer |
Мецниереба, |
| Date of production, publication, distribution, manufacture, or copyright notice |
1992. |
| 300 ## - PHYSICAL DESCRIPTION |
| Extent |
178 с. : |
| Other physical details |
ил. ; |
| Dimensions |
20 см. |
| 653 ## - INDEX TERM--UNCONTROLLED |
| keyword |
ეთნოგრაფია |
| 653 ## - INDEX TERM--UNCONTROLLED |
| keyword |
დაკრძალვის წესები ამიერკავკასიაში |
| 710 ## - ADDED ENTRY--CORPORATE NAME |
| Corporate name or jurisdiction name as entry element |
Академия Наук Грузии. |
| Date of meeting or treaty signing |
Археологическая комиссия Грузии. |
| 9 (RLIN) |
20800 |
| 942 ## - ADDED ENTRY ELEMENTS (KOHA) |
| Source of classification or shelving scheme |
|
| Koha item type |
წიგნი |